| 000 | 01280nam a22004097a 4500 | ||
|---|---|---|---|
| 001 | BR2010003923 | ||
| 003 | BR-BrBNA | ||
| 005 | 20230928103550.0 | ||
| 007 | ta | ||
| 008 | 230509b bl.||||| |||| 00| 0 por d | ||
| 040 |
_aBR-BrBNA _bpor _cBiblioteca Nacional de Agricultura |
||
| 041 | _a(Por) | ||
| 072 |
_aA01; E14 _b9410 _b0150 _b1410 _b0600 _b5213 |
||
| 090 | _ 9410 BR2010003923 | ||
| 110 | 1 | _aEMBRAPA Informação Tecnológica, Brasília, DF (Brasil) | |
| 245 | 1 | _aPortfólio temático de apoio aos serviços de assistência técnica e extensão rural. Programas em vídeo: leite, arroz e feijão, outros grãos, frutas, olerícolas, gado de corte, pequenos animais, temas diversos. (Norte) | |
| 260 | 3 |
_aBrasília, DF (Brasil): _c2009. |
|
| 300 | _a18 p. | ||
| 650 | _aPROJETO DE DESENVOLVIMENTO | ||
| 650 | _aLEITE | ||
| 650 | _aARROZ | ||
| 650 | _aFEIJÃO | ||
| 650 | _aGRÃO | ||
| 650 | _aGADO DE CORTE | ||
| 650 | _aPRODUÇÃO | ||
| 650 | _aPROFILAXIA | ||
| 650 | _aCRUZAMENTO ANIMAL | ||
| 650 | _aPLANTA MEDICINAL | ||
| 650 | _aSOCA | ||
| 650 | _aINOCULAÇÃO | ||
| 650 | _aPISCICULTURA | ||
| 650 | _aSUINOCULTURA | ||
| 650 | _aCONTROLE INTEGRADO | ||
| 650 | _aMANEJO DO SOLO | ||
| 909 |
_a202309 _bLucia _c55 _dLucia Elande |
||
| 942 | _cBK | ||
| 999 |
_c75634 _d75634 |
||